00310pab a2200121 454500008004000000100001900040245007100059260000900130300001300139362000800152650001700160773001100177180718b2012 xxu||||| |||| 00| 0 eng d aRajendra Kumar aNational e-governance plan: Vision, challenges and the way forward c2012 ap.51-55. aSep aE governance aYojana